000
00301nam a2200109Ia 4500
008
200302s9999 xx 000 0 und d
100
_a
Alejandro Bahamon
245
_a
Sketch : Houses how Architects Conceive Residential Architedture
260
_b
Loft Publications
260
_c
2006
300
_a
191 P.,
999
_c
3123
_d
3123